Qui est sur l'affiche de ces films cultes ? - Statistiques

Statistiques générales
  • Ce quiz a été pris 65 fois
  • Le résultat moyen est 31 sur 75
Statistiques - réponses
Année Film Acteur(s) / Actrice(s) % Correct
2011 Intouchables François Cluzet | Omar Sy
84%
1966 La Grande vadrouille Louis de Funès | Bourvil
84%
2008 Bienvenue chez les Ch'tis Dany Boon | Kad Merad
82%
1973 Les aventures de Rabbi Jacob Louis de Funès
82%
1964 Le gendarme de Saint-Tropez Louis de Funès
81%
1993 Les visiteurs Christian Clavier | Jean Reno
79%
2014 Qu'est ce qu'on a fait au Bon Dieu ? Christian Clavier | Chantal Lauby | Ary Abittan | Medi Sadoun | Frédéric Chau | Noom Diawara | Frédérique Bel | Julia Piaton | Emilie Caen | Elodie Fontan
77%
1990 Cyrano de Bergerac Gérard Depardieu
77%
2006 Camping Gérard Lanvin | Mathilde Seigner | Franck Dubosc | Claude Brasseur | Mylène Demongeot | Antoine Duléry
77%
1994 Léon Jean Reno
77%
1980 La Boum Claude Brasseur | Brigitte Fossey | Sophie Marceau
75%
2004 Les Choristes François Berléand | Gérard Jugnot | Kad Merad
75%
2002 Astérix et Obélix mission Cléopâtre Gérard Depardieu | Christian Clavier | Jamel Debbouze | Monica Bellucci | Claude Rich | Gérard Darmon | Alain Chabat
75%
1981 La soupe au choux Jacques Villeret | Louis de Funès | Jean Carmet
75%
1982 Le Père Noël est une ordure Thierry Lhermitte | Gérard Jugnot | Anémone | Marie-Anne Chazel | Josiane Balasko | Christian Clavier | Bruno Moynot
75%
1965 Le Corniaud Louis de Funès | Bourvil
74%
1976 L'aile ou la cuisse Louis de Funès | Coluche
74%
1998 Le dîner de cons Jacques Villeret | Thierry Lhermitte
70%
1971 La folie des grandeurs Yves Montand | Louis de Funès
68%
1994 La cité de la peur Dominique Farrugia | Chantal Lauby | Alain Chabat
67%
1981 La Chèvre Gérard Depardieu | Pierre Richard
61%
2001 Le fabuleux destin d'Amélie Poulain Audrey Tautou
58%
1956 La traversée de Paris Jean Gabin | Bourvil
56%
2014 La famille Bélier Louane Emera | Karin Viard | François Damiens | Eric Elmosnino
56%
1967 Oscar Louis de Funès
54%
1969 Le clan des Siciliens Alain Delon | Jean Gabin | Lino Ventura
46%
1963 Les Tontons flingueurs Lino Ventura | Francis Blanche | Sabine Sinjen
46%
1986 Jean de Florette Yves Montand | Daniel Auteuil | Gérard Depardieu
46%
1962 Un singe en hiver Jean Gabin | Jean-Paul Belmondo
44%
2002 L'auberge espagnole Romain Duris | Judith Godrèche | Audrey Tautou | Cécile de France
44%
1970 Borsalino Alain Delon | Jean-Paul Belmondo
42%
1974 Les Valseuses Gérard Depardieu | Patrick Dewaere | Miou-Miou
42%
1983 Papy fait de la Résistance Christian Clavier | Michel Galabru | Gérard Jugnot | Martin Lamotte | Josiane Balasko | Michel Blanc | Jean-Claude Brialy | Jean Carmet | Bernard Giraudeau | Thierry Lhermitte | Jean Yanne | Michel Blanc | Roland Giraud | Jacques François | Julien Guiomar | Jacqueline Maillan | Dominique Lavanant | Jeffrey Kime | Pauline Lafont
39%
1997 La vérité si je mens ! Richard Anconina | Elie Kakou | Vincent Elbaz | Bruno Solo | José Garcia | Anthony Delon
39%
1960 A bout de souffle Jean Seberg | Jean-Paul Belmondo
37%
1978 La cage aux folles Michel Serrault | Michel Galabru | Ugo Tognazzi
35%
1970 Le cercle rouge Bourvil | Alain Delon | Yves Montand
33%
1993 Germinal Renaud
32%
1984 Marche à l'ombre Michel Blanc | Gérard Lanvin
30%
1972 César et Rosalie Yves Montand | Romy Schneider
30%
1963 Mélodie en sous-sol Jean Gabin | Alain Delon
28%
1978 Les Bronzés Personne
28%
1955 Napoléon Personne
26%
1988 Le grand bleu Personne
26%
1966 Un homme et une femme Anouk Aimée | Jean-Louis Trintignant
25%
1986 Le nom de la rose Sean Connery
25%
1984 Les Ripoux Thierry Lhermitte | Philippe Noiret
25%
1986 Tenue de soirée Gérard Depardieu | Michel Blanc | Miou-Miou
23%
1964 Cent mille dollars au soleil Jean-Paul Belmondo | Lino Ventura
23%
1981 Garde à vue Michel Serrault | Lino Ventura
23%
1972 Le grand blond avec une chaussure noire Personne
23%
1983 Tchao pantin Personne
23%
1990 Nikita Personne
23%
1998 Taxi Personne
23%
1994 Le péril jeune Romain Duris | Julien Lambroschini | Nicolas Koretzky | Vincent Elbaz | Joachim Lombard
23%
1979 Buffet froid Gérard Depardieu | Bernard Blier | Jean Carmet
21%
1976 Un éléphant ça trompe énormément Jean Rochefort | Claude Brasseur | Guy Bedos | Victor Lanoux | Annie Duperey | Danièle Delorme
21%
1969 L'armée des ombres Personne
21%
1988 La vie est un long fleuve tranquille Personne
21%
1986 37°2 le matin Béatrice Dalle
19%
1983 L'été meurtrier Isabelle Adjani
19%
1971 Les bidasses en folie Personne
19%
1973 L'Emmerdeur Personne
19%
1973 La grande bouffe Personne
19%
2009 A l'origine Personne
19%
1974 Vincent, François, Paul et les autres Yves Montant | Michel Piccoli | Serge Reggiani | Gérard Depardieu
19%
1977 Le Crabe-tambour Jean Rochefort | Jacques Perrin | Claude Rich
18%
1976 Le juge et l'assassin Michel Galabru | Philippe Noiret
18%
1975 Les galettes de Pont-Aven Personne
18%
1975 Que la fête commence... Personne
18%
1996 Un air de famille Personne
16%
1985 Trois hommes et un couffin Roland Giraud | Michel Boujenah | André Dussollier
16%
1995 Les Apprentis François Cluzet | Guillaume Depardieu
11%
1987 L'été en pente douce Pauline Lafont | Jacques Villeret | Jean-Pierre Bacri
5%
2009 Le Petit Nicolas Maxime Godart | Vincent Claude | Charles Vaillant | Victor Carles | Benjamin Averty | Germain Petit Damico | Damien Ferdel | Virgile Tirard
4%
Aucun quiz correspondant
Distribution des résultats
% des personnes avec chaque résultat
Percentile par nombre de réponses
Votre historique - résultats
Vous n’avez pas pris ce quiz